000 006060000a22001810004500
041 0 _aENG
082 0 4 _aG 171.1 W534s
100 1 _aWeston, Sidney A. (Adams) (1877-)
245 1 0 _aSocial and religious problems of young people : A handbook for group and individual use / Sidney A. Weston, S. Ralph Harlow
260 _aNew York, N.Y., USA : Abingdon
300 _a304 Pag.
650 1 4 _aJUVENTUD - VIDA RELIGIOSA \ PROBLEMAS SOCIALES \ VIDA CRISTIANA
001 1147
942 _cBK
999 _c32484
_d32484
336 _atexto
_btxt
_2rdacontent
337 _2rdamedia
_asin mediación
_bn
338 _2rdacarrier
_avolumen
_bnc